000
00239nam a2200097Ia 4500
008
230915s9999 xx 000 0 und d
050
_a
BL 86.2.C66
100
_a
Mugambi,Jesse N.K.
245
2
_a
A Comparative Study of Religions
942
_c
BK
999
_c
66915
_d
66915